Normal view
MARC view
- ANGUITA,DAVID
Entry Personal Name
001 - CONTROL NUMBER
- control field: 91693
003 - CONTROL NUMBER IDENTIFIER
- control field: NUST
005 - DATE AND TIME OF LATEST TRANSACTION
- control field: 20220520140234.0
008 - FIXED-LENGTH DATA ELEMENTS
- fixed length control field: 220520|| aca||aabn | a|a d
040 ## - CATALOGING SOURCE
- Original cataloging agency: NUST
- Transcribing agency: NUST
100 ## - HEADING--PERSONAL NAME
- Personal name: ANGUITA,DAVID
670 ## - SOURCE DATA FOUND
- Source citation: Work cat.: (NUST): ANGUITA,DAVID., INTRODUCTION TO DIGITAL SYSTEM DESIGN /, 2019.
